| 000 | 00961cam a22003018i 4500 | ||
|---|---|---|---|
| 001 | MEB008907 | ||
| 003 | OCoLC | ||
| 005 | 20150529154620.0 | ||
| 008 | 131108s2014 nyu 000 0 eng | ||
| 010 | _a2013041275 | ||
| 015 |
_aGBB405363 _2bnb |
||
| 020 | _a9789814577496 | ||
| 035 | _a(OCoLC)863632239 | ||
| 040 |
_aDLC _beng _erda _cDLC _dOCLCO _dUKMGB _dOCLCF |
||
| 042 | _apcc | ||
| 050 | 0 | 0 |
_aGV 706.4 _b.Ap652 2015 |
| 245 | 0 | 0 |
_aApplied sport psychology : _bpersonal growth to peak performance / _cJean M. Williams and Vikki Krane, editors. |
| 250 | _a7th edition. | ||
| 260 |
_aNew York : _bMcGraw-Hill, _c2015. |
||
| 263 | _a1404. | ||
| 300 |
_axxiv, 552 pages : _billustrations ; _c24 cm. |
||
| 500 | _aIncludes bibliographical references and index. | ||
| 650 | 0 |
_aSports _xPsychological aspects. |
|
| 650 | 0 | _aCoaching (Athletics) | |
| 700 | 1 |
_aWilliams, Jean Marie, _eeditor. |
|
| 700 | 1 |
_aKrane, Vikki, _eeditor. |
|
| 942 |
_2lcc _cBK _kFOR |
||
| 999 |
_c284516 _d284516 |
||